Szczegóły MARC21

Bildungsmarketing : ein dienstleistunsorientierter Ansatz für kommerzielle Bildungsanbiete r unter besonderer Berücksichtigung strategischer Aspekte /

005 -DATA I CZAS OSTATNIEJ MODYFIKACJI [,]
    • @
    • pole kontrolne
    • 20070315155141.9
020 -Międzynarod. znormalizowany nr książki - ISBN [ , ]
    • a
    • Numer ISBN
    • 3896731017 Find
040 -Instytucja sporządzająca opis [ , ]
    • a
    • Instytucja, która sporządziła opis (NP)
    • SZCZ U
    • c
    • Instytucja, która sporządziła rekord (NP)
    • SZCZ U
041 -Język dokumentu [0, ]
    • a
    • Język tekstu (P)
    • niemiecki
    • h
    • Język tekstu oryginalnego i/lub pośredniego (P)
    • niemiecki
942 -Rodzaj dokumentu [ , ]
    • c
    • Rodzaj dokumentu
    • Książka
100 -Hasło główne - nazwa osobowa [ , ]
    • a
    • Nazwa osobowa (NP)
    • BERNECKER, MICHAEL
245 -Strefa tytułu i oznaczenia odpowiedzialności [1, ]
    • a
    • Tytuł
    • Bildungsmarketing : Find
    • b
    • Ciąg dalszy tytułu (NP)
    • ein dienstleistunsorientierter Ansatz für kommerzielle Bildungsanbiete r unter besonderer Berücksichtigung strategischer Aspekte / Find
    • c
    • Pozostałe elementy strefy tytułu i oznaczenia odpowiedzialności (NP)
    • Michael Bernecker.
260 -Strefa adresu wydawniczego [ , ]
    • a
    • Miejsce wydania (P)
    • Sternenfels :
    • b
    • Nazwa wydawcy (P)
    • Verl.Wiss.u.Praxis,
    • c
    • Data wydania (P)
    • 2000.
300 -Strefa opisu fizycznego [ , ]
    • a
    • Określenie formy książki i/lub objętość (NP)
    • XV,317 s. :
    • b
    • Oznaczenie ilustracji (NP)
    • rys. :
    • c
    • Format (NP)
    • 21 cm.
490 -Strefa serii i książki wielotomowej - forma nie do wyszukiwania [0, ]
    • a
    • Tytuł (P)
    • (Schriftenreihe Wirtschafts- und Sozialwissenschaften ; Find
    • v
    • Numeracja (P)
    • Bd.42)
500 -Uwaga ogólna [ , ]
    • a
    • Uwaga ogólna (NP)
    • Bibliogr
080 -Uniwersalna Klasyfikacja Dziesiętna [ , ]
    • a
    • Symbol klasyfikacji
    • 339.138=30
980 -Symbol UKD [ , ]
    • a
    • UKD
    • 339.138=30
920 -ISBN [ , ]
    • a
    • ISBN
    • 3-89673-101-7 Find
Status udost. Numer inwentarzowy Sygnatura Lokalizacja Data inwentaryzacji
-6S.88897FUNDACJA POLSKO-NIEMIECKABE2002-01-23
-2S.88896FUNDACJA POLSKO-NIEMIECKABE2002-01-23